Decentralised governance, regional development and women empowerment (Record no. 443126)

000 -LEADER
fixed length control field 00401cam a22001217a 4500
008 - FIXED-LENGTH DATA ELEMENTS--GENERAL INFORMATION
fixed length control field 180718b2013 xxu||||| |||| 00| 0 eng d
020 ## - INTERNATIONAL STANDARD BOOK NUMBER
International Standard Book Number 9788121211529
245 ## - TITLE STATEMENT
Title Decentralised governance, regional development and women empowerment
Statement of responsibility, etc. Edited by Annpurna Nautiyal and Himanshu Bourai
260 ## - PUBLICATION, DISTRIBUTION, ETC.
Place of publication, distribution, etc. New Delhi
Name of publisher, distributor, etc. Gyan
Date of publication, distribution, etc. 2013
300 ## - PHYSICAL DESCRIPTION
Extent 284p.
700 ## - ADDED ENTRY--PERSONAL NAME
Personal name Bourai, Himanshu
700 ## - ADDED ENTRY--PERSONAL NAME
Personal name Nautiyal, Annpurna
Holdings
Withdrawn status Lost status Damaged status Not for loan Permanent Location Current Location Date acquired Barcode Date last seen Price effective from Koha item type
        Indian Institute of Public Administration Indian Institute of Public Administration 2013-02-25 85005 2018-07-21 2018-07-21 Book

Powered by Koha